<?xml version="1.0" encoding="UTF-8"?>
<collection xmlns="http://www.loc.gov/MARC21/slim">
 <record>
  <leader>01216nam a22001817a 4500</leader>
  <controlfield tag="001">NCT_78514</controlfield>
  <controlfield tag="008">200423b        xxu||||| |||| 00| 0 vie d</controlfield>
  <datafield tag="999" ind1=" " ind2=" ">
   <subfield code="c">3830</subfield>
   <subfield code="d">3830</subfield>
  </datafield>
  <datafield tag="082" ind1="0" ind2="4">
   <subfield code="2">23rd ed.</subfield>
   <subfield code="a">020</subfield>
   <subfield code="b">H307</subfield>
  </datafield>
  <datafield tag="100" ind1="1" ind2=" ">
   <subfield code="a">Nguyễn Minh Hiệp</subfield>
  </datafield>
  <datafield tag="245" ind1="1" ind2="0">
   <subfield code="a">Thư viện và nghề thư viện :</subfield>
   <subfield code="b">Tuyển tập bài viết, tham luận về thư viện và sinh hoạt thư viện</subfield>
   <subfield code="c">Nguyễn Minh Hiệp(chủ biên), nhiều tác giả</subfield>
  </datafield>
  <datafield tag="260" ind1=" " ind2=" ">
   <subfield code="a">Tp. Hồ Chí Minh</subfield>
   <subfield code="b">Văn hóa thông tin</subfield>
   <subfield code="c">2013</subfield>
  </datafield>
  <datafield tag="300" ind1=" " ind2=" ">
   <subfield code="a">499 tr.</subfield>
   <subfield code="b">Minh họa</subfield>
   <subfield code="c">29cm</subfield>
  </datafield>
  <datafield tag="520" ind1="3" ind2=" ">
   <subfield code="a">Cuốn sách là tập hợp những bài viết, tham luận, khảo cứu có giá trị nhất để xuất bản thành một tuyển tập nhằm tôn vinh giá trị tinh thần của những người tiên phong và những chuyên gia có tâm huyết với ngành Thông tin Thư viện nước nhà.</subfield>
  </datafield>
  <datafield tag="653" ind1=" " ind2=" ">
   <subfield code="a">Thông tin thư viện</subfield>
  </datafield>
  <datafield tag="942" ind1=" " ind2=" ">
   <subfield code="2">ddc</subfield>
   <subfield code="c">BK</subfield>
  </datafield>
  <datafield tag="952" ind1=" " ind2=" ">
   <subfield code="0">0</subfield>
   <subfield code="1">0</subfield>
   <subfield code="2">ddc</subfield>
   <subfield code="4">0</subfield>
   <subfield code="6">020_000000000000000_H307</subfield>
   <subfield code="7">0</subfield>
   <subfield code="9">19450</subfield>
   <subfield code="a">000001</subfield>
   <subfield code="b">000001</subfield>
   <subfield code="d">2020-04-23</subfield>
   <subfield code="o">020 H307</subfield>
   <subfield code="p">TK.01254</subfield>
   <subfield code="r">2020-04-23</subfield>
   <subfield code="w">2020-04-23</subfield>
   <subfield code="y">BK</subfield>
  </datafield>
  <datafield tag="980" ind1=" " ind2=" ">
   <subfield code="a">Thư viện Trường Đại học Nam Cần Thơ</subfield>
  </datafield>
 </record>
</collection>
